| 000 | 00539nam a22001697a 4500 | ||
|---|---|---|---|
| 005 | 20250303084812.0 | ||
| 008 | 250303b |||||||| |||| 00| 0 eng d | ||
| 020 | _a9780781736978 | ||
| 050 |
_aRM301.28 _b.S34 |
||
| 100 | _aSmith, Bonnie J. | ||
| 245 |
_aIntroductory Clinical Pharmacology/ _bstudy guide to accompany _cBonnie J. Smith & Sally S. Roach |
||
| 250 | _a7th ed. | ||
| 260 |
_aPhiladelphia _bLippincott Williams & Wilkins _c2004 |
||
| 300 |
_avi. 296p. _bill. _c27.5cm |
||
| 700 | _aRoach, Sally S. | ||
| 942 |
_2lcc _cBK _e7th ed. _n0 |
||
| 999 |
_c4456 _d4456 |
||